000 01503 a2200361 4500
999 _c10381
_d10381
020 _a9780323169189 (pbk. : alk. paper)
020 _a032316918X (pbk. : alk. paper)
050 0 0 _aRG951.MAT2016
100 _aLowdermilk, Deitra Leonard
_eeditor
245 0 0 _aMaternity & women's health care /
_cedited by Deitra Leonard Lowdermilk, Shannon E. Perry, Kitty Cashion, Kathryn Rhodes Alden, Ellen F. Olshansky, and Irvine, Irvine.
250 _a11th edition.
264 1 _aSt. Louis, MO :
_bElsevier,
_c2016
300 _axxiv, 973 pages :
_bcolor illustrations ;
500 _aPreceded by Maternity & women's health care / [edited by] Deitra Leonard Lowdermilk ... [et al.]. 10th ed. c2012.
504 _aIncludes bibliographical references and index.
650 0 _aMaternity nursing.
650 0 _aPregnancy
_xComplications.
650 0 _aGynecologic nursing.
650 0 _aWomen's health services.
650 1 2 _aMaternal-Child Nursing.
650 2 2 _aGenital Diseases, Female
_xnursing.
650 2 2 _aNeonatal Nursing
_xmethods.
650 2 2 _aObstetric Nursing
_xmethods.
650 2 2 _aPregnancy Complications
_xnursing.
650 2 2 _aWomen's Health.
700 1 _aLowdermilk, Deitra Leonard,
_eeditor.
700 1 _aPerry, Shannon E.,
_eeditor.
700 1 _aCashion, Kitty,
_eeditor.
700 1 _aAlden, Kathryn Rhodes,
_eeditor.
700 1 _aOlshansky, Ellen Frances,
_d1949- ,
_eeditor.
942 _2lcc
_cBK
_h951
_iMAT
_kRG